000 01462cam a22004934i 4500
003 PE-LiUPU
005 20250731165513.0
008 150623s1997 tnu r 000 0 spa d
020 _a0899220045
020 _a9780899220048
035 _a(Sirsi) i9780899220048
040 _aPE-LiUPU
_bspa
_cPE-LiUPU
_erda
049 _aPRUA
082 0 4 _a220.2
_bC76
_221
245 1 0 _aConcordancia de las sagradas escrituras /
_cCompilado por C. P. Denyer.
264 1 _aNashville, TN :
_bCaribe,
_c1997.
300 _ax, 936 páginas ;
_c24 centímetros
336 _atext
_2rdacontent
337 _aunmediated
_2rdamedia
338 _avolume
_2rdacarrier
505 0 _aConcordancia de las sagradas escrituras.
526 _aSEG44
526 _aSEG26
526 _aP151
526 _aP150
526 _aP149
526 _aP146
526 _aP145
526 _aP126
526 _aP125
526 _aP92
526 _aP75
526 _aP74
526 _aP27
526 _aP15
630 _aBiblia
_vConcordancias.
_91722
700 1 _aDenyer, C. P:,
_eCompilador.
910 _adbm
_bjpc
_cjpc
_d20190429
942 _2ddc
_cBOOK
994 _aC0
_bPEPRU
596 _a1
999 _aRC 220.2 C76
_wDEWEY
_c28044
_i48887
_d28044
_e2018-9-26
_f2021-11-8
_g6
_lCCODEBUL1
_mBUL
_n4
_p20.00
_q6
_r1
_sY
_tBOOK
_u2015-6-24
_xTEOLOGIA
_PP35
_0COMPRA
_o.STAFF. Colección Teología
980 _81
_gALBERTO SANCHEZ Responsable de Automatización